Statistics for European roller coasters by picture

Click here to take the quiz!

General Stats

  • This quiz has been taken 41 times
  • The average score is 11 of 14

Answer Stats

Answer% Correct
Ride to Happiness
97%
F.L.Y.
89%
Kondaa
89%
Zadra
89%
Hyperion
83%
Untamed
83%
Wildfire
83%
Batman Gotham City Escape
80%
Shambhala
80%
Expedition GeForce
74%
Helix
74%
Taiga
74%
Toutatis
74%
Schwur des Kärnan
51%

Score Distribution

Percentile by Number Answered

Percent of People with Each Score

Your Score History

You have not taken this quiz